| 000 | 00363nam a2200145Ia 4500 | ||
|---|---|---|---|
| 008 | 150201s2004 xx 000 0 und d | ||
| 082 |
_a617.692 _bP2004Z |
||
| 100 | _aZARB,A. GEORGE | ||
| 245 | _aPROSTHODONTIC TREATMENTFOR EDENTULOUS.P. | ||
| 250 | _a12TH | ||
| 260 |
_bMOSBY _aNEW DELHI _c2004 |
||
| 300 | _a1-510 | ||
| 650 | _aPROSTHODONTICS | ||
| 942 |
_2ddc _cBK |
||
| 999 |
_c3193 _d3193 |
||